Cargando...
Productivity news
| Autor Principal: | |
|---|---|
| Idioma: | English |
| Publicado: |
New delhi
N.P.C
1987
|
| LEADER | 00469nam a22001457a 4500 | ||
|---|---|---|---|
| 005 | 20151215130027.0 | ||
| 008 | 100224t xxu||||| |||| 00| 0 eng d | ||
| 082 | |a 658.515 05 |b PRO | ||
| 100 | |a Mukharjee, S |9 16754 | ||
| 245 | |a Productivity news | ||
| 942 | |c BV |6 _ | ||
| 260 | |b N.P.C |c 1987 |a New delhi | ||
| 500 | |a VOL:25 (No.1) | ||
| 999 | |c 111193 |d 111193 | ||
| 952 | |0 0 |1 0 |2 ddc |4 0 |6 658515_05PRO |7 0 |9 143595 |a SMS |b SMS |c REF |d 2010-02-24 |o 658.515 05 PRO |p SMS016147 |r 2010-02-24 |w 2010-02-24 |y BV | ||